Road Signs in Spanish Vocabulary Words - Statistics

General Stats
  • This quiz has been taken 3,584 times
  • The average score is 10 of 16
Answer Stats
Hint Answer % Correct
policia police
96%
curva curve
86%
centro downtown
83%
peligro danger
82%
cerrado closed
80%
salida exit
80%
sin salida dead end
77%
despacio slow
76%
cruce crossing
75%
entrada prohibida no entry
75%
velocidad máxima speed limit
62%
alto stop
53%
estacionamiento parking
45%
peatone pedestrian
35%
ceda el paso yield
23%
peaje toll
20%
No matching quizzes found
Score Distribution
Percent of People with Each Score
Percentile by Number Answered
Your Score History
You have not taken this quiz